000
00211nam a2200085Ia 4500
008
120527s9999 xx 000 0 und d
100
_a
Falvell, H. John
245
_a
The development Psychology of jean
942
_c
BK
999
_c
27631
_d
27631